Representatives of Arizona since 1976 - Statistics

General Stats
  • This quiz has been taken 3 times
  • The average score is 130 of 161
Answer Stats
Election Date Seat Party Affiliation Answer % Correct
2012/11/06 AZ-2 Democrat Barber
100%
2016/11/08 AZ-5 Republican Biggs
100%
2018/11/06 AZ-5 Republican Biggs
100%
2020/11/03 AZ-5 Republican Biggs
100%
2022/11/08 AZ-5 Republican Biggs
100%
2022/11/08 AZ-6 Republican Ciscomani
100%
2022/11/08 AZ-2 Republican Crane
100%
2000/11/07 AZ-1 Republican Flake
100%
2002/11/05 AZ-6 Republican Flake
100%
2004/11/02 AZ-6 Republican Flake
100%
2006/11/07 AZ-6 Republican Flake
100%
2008/11/04 AZ-6 Republican Flake
100%
2010/11/02 AZ-6 Republican Flake
100%
2014/11/04 AZ-7 Democrat Gallego
100%
2016/11/08 AZ-7 Democrat Gallego
100%
2018/11/06 AZ-7 Democrat Gallego
100%
2020/11/03 AZ-7 Democrat Gallego
100%
2022/11/08 AZ-3 Democrat Gallego
100%
2006/11/07 AZ-8 Democrat Giffords
100%
2008/11/04 AZ-8 Democrat Giffords
100%
2010/11/02 AZ-8 Democrat Giffords
100%
2010/11/02 AZ-1 Republican Gosar
100%
2012/11/06 AZ-4 Republican Gosar
100%
2014/11/04 AZ-4 Republican Gosar
100%
2016/11/08 AZ-4 Republican Gosar
100%
2018/11/06 AZ-4 Republican Gosar
100%
2020/11/03 AZ-4 Republican Gosar
100%
2022/11/08 AZ-9 Republican Gosar
100%
2002/11/05 AZ-7 Democrat Grijalva
100%
2004/11/02 AZ-7 Democrat Grijalva
100%
2006/11/07 AZ-7 Democrat Grijalva
100%
2008/11/04 AZ-7 Democrat Grijalva
100%
2010/11/02 AZ-7 Democrat Grijalva
100%
2012/11/06 AZ-3 Democrat Grijalva
100%
2014/11/04 AZ-3 Democrat Grijalva
100%
2016/11/08 AZ-3 Democrat Grijalva
100%
2018/11/06 AZ-3 Democrat Grijalva
100%
2020/11/03 AZ-3 Democrat Grijalva
100%
2022/11/08 AZ-7 Democrat Grijalva
100%
2008/11/04 AZ-1 Democrat Kirkpatrick
100%
2012/11/06 AZ-1 Democrat Kirkpatrick
100%
2014/11/04 AZ-1 Democrat Kirkpatrick
100%
2018/11/06 AZ-2 Democrat Kirkpatrick
100%
2020/11/03 AZ-2 Democrat Kirkpatrick
100%
2018/11/06 AZ-8 Republican Lesko
100%
2020/11/03 AZ-8 Republican Lesko
100%
2022/11/08 AZ-8 Republican Lesko
100%
1982/11/02 AZ-1 Republican McCain
100%
1984/11/06 AZ-1 Republican McCain
100%
2014/11/04 AZ-2 Republican McSally
100%
2016/11/08 AZ-2 Republican McSally
100%
2016/11/08 AZ-1 Republican O'Halleran
100%
2018/11/06 AZ-1 Democrat O'Halleran
100%
2020/11/03 AZ-1 Democrat O'Halleran
100%
1992/11/03 AZ-2 Democrat Pastor
100%
1994/11/08 AZ-2 Democrat Pastor
100%
1996/11/05 AZ-2 Democrat Pastor
100%
1998/11/03 AZ-2 Democrat Pastor
100%
2000/11/07 AZ-2 Democrat Pastor
100%
2002/11/05 AZ-4 Democrat Pastor
100%
2004/11/02 AZ-4 Democrat Pastor
100%
2006/11/07 AZ-4 Democrat Pastor
100%
2008/11/04 AZ-4 Democrat Pastor
100%
2010/11/02 AZ-4 Democrat Pastor
100%
2012/11/06 AZ-7 Democrat Pastor
100%
1994/11/08 AZ-1 Republican Salmon
100%
1996/11/05 AZ-1 Republican Salmon
100%
1998/11/03 AZ-1 Republican Salmon
100%
2012/11/06 AZ-5 Republican Salmon
100%
2014/11/04 AZ-5 Republican Salmon
100%
2012/11/06 AZ-6 Republican Schweikert
100%
2014/11/04 AZ-6 Republican Schweikert
100%
2016/11/08 AZ-6 Republican Schweikert
100%
2018/11/06 AZ-6 Republican Schweikert
100%
2020/11/03 AZ-6 Democrat Schweikert
100%
2022/11/08 AZ-1 Republican Schweikert
100%
2018/11/06 AZ-9 Democrat Stanton
100%
2020/11/03 AZ-9 Democrat Stanton
100%
2022/11/08 AZ-4 Democrat Stanton
100%
1992/11/03 AZ-1 Democrat Coppersmith
67%
1992/11/03 AZ-6 Democrat English
67%
2002/11/05 AZ-2 Republican Franks
67%
2004/11/02 AZ-2 Republican Franks
67%
2006/11/07 AZ-2 Republican Franks
67%
2008/11/04 AZ-2 Republican Franks
67%
2010/11/02 AZ-2 Republican Franks
67%
2012/11/06 AZ-8 Republican Franks
67%
2014/11/04 AZ-8 Republican Franks
67%
2016/11/08 AZ-8 Republican Franks
67%
1994/11/08 AZ-6 Republican Hayworth
67%
1996/11/05 AZ-6 Republican Hayworth
67%
1998/11/03 AZ-6 Republican Hayworth
67%
2000/11/07 AZ-6 Republican Hayworth
67%
2002/11/05 AZ-5 Republican Hayworth
67%
2004/11/02 AZ-5 Republican Hayworth
67%
1984/11/06 AZ-5 Republican Kolbe
67%
1986/11/04 AZ-5 Republican Kolbe
67%
1988/11/08 AZ-5 Republican Kolbe
67%
1990/11/06 AZ-5 Republican Kolbe
67%
1992/11/03 AZ-5 Republican Kolbe
67%
1994/11/08 AZ-5 Republican Kolbe
67%
1996/11/05 AZ-5 Republican Kolbe
67%
1998/11/03 AZ-5 Republican Kolbe
67%
2000/11/07 AZ-5 Republican Kolbe
67%
2002/11/05 AZ-8 Republican Kolbe
67%
2004/11/02 AZ-8 Republican Kolbe
67%
1986/11/04 AZ-4 Republican Kyl
67%
1988/11/08 AZ-4 Republican Kyl
67%
1990/11/06 AZ-4 Republican Kyl
67%
1992/11/03 AZ-4 Republican Kyl
67%
2010/11/02 AZ-3 Republican Quayle
67%
2002/11/05 AZ-1 Republican Renzi
67%
2004/11/02 AZ-1 Republican Renzi
67%
2006/11/07 AZ-1 Republican Renzi
67%
1976/11/02 AZ-1 Republican Rhodes
67%
1978/11/07 AZ-1 Republican Rhodes
67%
1980/11/04 AZ-1 Republican Rhodes
67%
1986/11/04 AZ-1 Republican Rhodes
67%
1988/11/08 AZ-1 Republican Rhodes
67%
1990/11/06 AZ-1 Republican Rhodes
67%
1994/11/08 AZ-4 Republican Shadegg
67%
1996/11/05 AZ-4 Republican Shadegg
67%
1998/11/03 AZ-4 Republican Shadegg
67%
2000/11/07 AZ-4 Republican Shadegg
67%
2002/11/05 AZ-3 Republican Shadegg
67%
2004/11/02 AZ-3 Republican Shadegg
67%
2006/11/07 AZ-3 Republican Shadegg
67%
2008/11/04 AZ-3 Republican Shadegg
67%
2012/11/06 AZ-9 Democrat Sinema
67%
2014/11/04 AZ-9 Democrat Sinema
67%
2016/11/08 AZ-9 Democrat Sinema
67%
1976/11/02 AZ-3 Democrat Stump
67%
1978/11/07 AZ-3 Democrat Stump
67%
1980/11/04 AZ-2 Democrat Stump
67%
1982/11/02 AZ-3 Republican Stump
67%
1984/11/06 AZ-3 Republican Stump
67%
1986/11/04 AZ-3 Republican Stump
67%
1988/11/08 AZ-3 Republican Stump
67%
1990/11/06 AZ-3 Republican Stump
67%
1992/11/03 AZ-3 Republican Stump
67%
1994/11/08 AZ-3 Republican Stump
67%
1996/11/05 AZ-3 Republican Stump
67%
1998/11/03 AZ-3 Republican Stump
67%
2000/11/07 AZ-3 Republican Stump
67%
1976/11/02 AZ-2 Democrat Udall
67%
1978/11/07 AZ-2 Democrat Udall
67%
1980/11/04 AZ-3 Democrat Udall
67%
1982/11/02 AZ-2 Democrat Udall
67%
1984/11/06 AZ-2 Democrat Udall
67%
1986/11/04 AZ-2 Democrat Udall
67%
1988/11/08 AZ-2 Democrat Udall
67%
1990/11/06 AZ-2 Democrat Udall
67%
1982/11/02 AZ-5 Democrat McNulty
33%
2006/11/07 AZ-5 Democrat Mitchell
33%
2008/11/04 AZ-5 Democrat Mitchell
33%
1976/11/02 AZ-4 Republican Rudd
33%
1978/11/07 AZ-4 Republican Rudd
33%
1980/11/04 AZ-4 Republican Rudd
33%
1982/11/02 AZ-4 Republican Rudd
33%
1984/11/06 AZ-4 Republican Rudd
33%
2010/11/02 AZ-5 Republican Schwiekert
0%
No matching quizzes found
Score Distribution
Percent of People with Each Score
Percentile by Number Answered
Your Score History
You have not taken this quiz